Digitisation, Trends and Future of Marketing

Salvato in:
Dettagli Bibliografici
Autore principale: Naščáková, Jana
Altri autori: Daneshjo, Naqibullah, 1964-, Dudáš-Pajerská, Erika, 1988-
Natura: Capitolo di libro
Lingua:inglese
Soggetti:
Tags: Aggiungi Tag
Nessun Tag, puoi essere il primo ad aggiungerne!!

MARC

LEADER 00000naa a2200000 4500
001 0262557
005 20240502083754.5
041 0 |a eng 
044 |a RS 
245 1 0 |a Digitisation, Trends and Future of Marketing  |c Jana Naščáková, Naqibullah Daneshjo, Erika Dudáš-Pajerská 
610 2 0 |a marketing 
610 2 0 |a komunikácia marketingová 
610 2 0 |a digitalizácia 
610 2 0 |a neuromarketing 
100 1 |a Naščáková, Jana 
700 1 |a Daneshjo, Naqibullah, 1964- 
700 1 |a Dudáš-Pajerská, Erika, 1988-